000 00874nam a2200265Ia 4500
003 OSt
005 20221005062300.0
006 a|||||r|||| 00| 0
007 ta
008 221004b |||||||| |||| 00| 0 eng d
020 _a9780415549813 (hbk)
_c6639.35
024 _a100356
037 _b8930, 29/10/2009, Elite Publishers Distributors
_cTextual
040 _aCRL
_cCRL
_beng
041 _2eng
_aeng
082 _aV5N50:196,(X:5).P1, Q0(906)
100 _aNgangjoh Hodu
_9601628
245 0 _aTrade relation between the Eu and Africa
260 _aLondon
_bRoutledge UK
_c2009
300 _axxix,291p.
_ccm.
490 _aRoutledge studies in development economics
650 _aHISTORY
942 _hV5N50:196,(X:5).P1, Q0(906)
_cTEXL
_2cc
999 _c969442
_d969442